Lucknow 1857 : (Record no. 133198)

MARC details
000 -LEADER
fixed length control field 00740nam a22002297a 4500
005 - DATE AND TIME OF LATEST TRANSACTION
control field 20170124110205.0
010 ## - LIBRARY OF CONGRESS CONTROL NUMBER
LC control number B-060115
020 ## - INTERNATIONAL STANDARD BOOK NUMBER
Terms of availability 00.00
International Standard Book Number 8185936080
035 ## - SYSTEM CONTROL NUMBER
System control number B-060115
037 ## - SOURCE OF ACQUISITION
Source of stock number/acquisition Cen Lib/Ret
040 ## - CATALOGING SOURCE
Original cataloging agency DPL
Language of cataloging EN
082 ## - DEWEY DECIMAL CLASSIFICATION NUMBER
Classification number 954.083
Item number TAQ
100 ## - MAIN ENTRY--PERSONAL NAME
Personal name Taqui, Roshan
9 (RLIN) 37139
245 ## - TITLE STATEMENT
Title Lucknow 1857 :
Statement of responsibility, etc by Roshan Taqui
Remainder of title the two wars of Lucknow the dusk of an era /
260 ## - PUBLICATION, DISTRIBUTION, ETC. (IMPRINT)
Place of publication, distribution, etc Lucknow
Name of publisher, distributor, etc New Royal Book Co.
Date of publication, distribution, etc 2001
270 ## - ADDRESS
Address 32/16, Valmiki Marg Lalbagh Opp. PMG office Hazrat Ganj
City Lucknow
Postal code 226001
300 ## - PHYSICAL DESCRIPTION
Extent xvi,297p. :
Dimensions 22cm(Hb)
Other physical details ill.
650 ## - SUBJECT ADDED ENTRY--TOPICAL TERM
Topical term or geographic name as entry element India--Lucknow
9 (RLIN) 37140
650 ## - SUBJECT ADDED ENTRY--TOPICAL TERM
Topical term or geographic name as entry element Siege of Lucknow (India : 1857)
9 (RLIN) 27833
700 ## - ADDED ENTRY--PERSONAL NAME
9 (RLIN) 36959
942 ## - ADDED ENTRY ELEMENTS (KOHA)
Source of classification or shelving scheme Dewey Decimal Classification
Koha item type English Books
Classification part 954.083
Call number suffix TAQ
Holdings
Withdrawn status Lost status Damaged status Not for loan Home library Current library Date acquired Source of acquisition Cost, normal purchase price Total Checkouts Total Renewals Full call number Barcode Date last seen Date checked out Copy number Cost, replacement price Price effective from Koha item type
        Central Library Central Library 24/07/2015 Cen Lib/Ret 0.00 1 1 954.083 TAQ B-060115 25/07/2023 15/06/2023 1 0.00 24/07/2015 English Books

© Delhi Public Library
Hit Counter
free hit counter